| 000 | 00587 a2200193 4500 | ||
|---|---|---|---|
| 999 |
_c7480 _d7480 |
||
| 010 | _aENG-87939 | ||
| 020 |
_c1380.00 _a8189915606 |
||
| 035 | _aEN-71472 | ||
| 037 | _bDBAD / PUB | ||
| 082 | 1 | 4 | _a338.88 |
| 100 | _aJain, J. N. | ||
| 245 | 1 |
_aModern international business: _cby J.N.Jain [and] P.P.Singh _btheory and practice / |
|
| 260 |
_aNew Delhi _bRegal Publications _c2007 |
||
| 270 |
_aF-159, Rajouri Garden _bNew Delhi _e110 027 |
||
| 300 |
_axiv, 436p. _c24cm (Hb) |
||
| 500 | _aIncludes index | ||
| 700 | _aSingh, P.P. | ||
| 942 |
_adpl _cEN _2ddc _h338.88 _mJAI |
||